|
|
|
|
| LEADER |
01277cam a2200325 a 4500 |
| 001 |
c000396223 |
| 003 |
CARM |
| 005 |
20140224091011.0 |
| 008 |
140224s1970 ctu b 001 0 eng d |
| 010 |
|
|
|a 77095108
|
| 019 |
1 |
|
|a 69841389
|5 LACONCORD2021
|
| 020 |
|
|
|a 0837131219
|
| 035 |
|
|
|a (OCoLC)113689
|5 LACONCORD2021
|
| 040 |
|
|
|a LC
|b eng
|c LC
|d ABN:1
|
| 043 |
|
|
|a e-uk---
|
| 050 |
0 |
0 |
|a PR99
|b .L27 1970
|
| 082 |
0 |
4 |
|a 820.9
|2 23
|
| 100 |
1 |
|
|a Lamb, Charles,
|d 1775-1834.
|
| 245 |
1 |
0 |
|a Lamb's criticism :
|b a selection from the literary criticism of Charles Lamb /
|c edited with an introduction and short notes by E.M.W. Tillyard.
|
| 260 |
|
|
|a Westport, Conn. :
|b Greenwood Press,
|c 1970.
|
| 300 |
|
|
|a xvi, 114 p. ;
|c 23 cm.
|
| 500 |
|
|
|a Reprint of the 1923 ed. published by Cambridge University Press.
|
| 504 |
|
|
|a Includes bibliographical references and index.
|
| 650 |
|
0 |
|a English literature
|x History and criticism.
|
| 650 |
|
0 |
|a Criticism.
|
| 852 |
8 |
|
|b CARM
|p 0558000
|f BK
|
| 852 |
8 |
|
|b SCAN
|h A3:AE35B0
|i B12258
|p 0558000
|f BK
|
| 999 |
f |
f |
|i 0b5d257c-21fa-5be8-a7f7-600d00c0fff0
|s 8110c64b-bc26-5007-9f17-1aadda68dfc8
|
| 952 |
f |
f |
|p Can circulate
|a CAVAL
|b CAVAL
|c CAVAL
|d CARM 1 Store
|i book
|m 0558000
|
| 952 |
f |
f |
|a CAVAL
|b CAVAL
|c CAVAL
|d Unmapped Location
|e B12258
|f A3:AE35B0
|h Other scheme
|